000 00382nam a2200145Ia 4500
008 191201s2005 xx 000 0 und d
082 _a621.38
_bCHQ
100 _aCHADHA, Prem R
245 0 _aQuestion Bank in Electronics and Communications Engineering
250 _a2nd
260 _aN.Delhi
_bGalgotia Pub. Pvt
_c2005
300 _a846
650 _aB.Tech(ECE)
942 _2ddc
_cBK
999 _c2136
_d2136